| 000 | 00577nam a22002057a 4500 | ||
|---|---|---|---|
| 999 |
_c728 _d728 |
||
| 003 | DO-SdBHA | ||
| 005 | 20200609174732.0 | ||
| 008 | 160805b xxu||||| |||| 00| 0 spa d | ||
| 020 | _a84-306-0393-X | ||
| 040 |
_cDO-SdBHA _aDO-SdBHA _bspa |
||
| 082 | _a329.7 J94v 2000 | ||
| 100 | _aJuliá, Santos | ||
| 245 |
_aViolencia política en la España del siglo XX / _cJuliá Santos |
||
| 260 |
_aMadrid : _bGrupo Santillana, _c2000 |
||
| 300 | _a422 páginas | ||
| 650 | _aPolítica | ||
| 650 | _aIdeología | ||
| 651 | _aEspaña -- Política y gobierno | ||
| 942 |
_2ddc _cBK _z3 |
||